000 01162nam a22002897a 4500
005 20211119141018.0
008 170808b1997 mx ||||| |||| 001 0 spa d
020 _a9684526911
050 0 4 _aKG455
_bJ67 1993
245 0 0 _aJornada de trabajo y descansos remunerados
_b: (perspectiva iberoamericana)
_c/ Americo Pla Rodríguez, Néstor de Buen, Franco José del Giglio, Alfredo Montoya Melgar, Murgas, Alfonso Alburquerque, Mario Pasco Cosmópolis, Ackerman ; coordinador Nestor de Buen
250 _a1a ed.
260 _aMéxico :
_bPorrúa,
_c1993
300 _axi, 455 p. :
_c24 cm.
650 7 _2lemb
_aJornada de trabajo
_zAmérica Latina
650 7 _2lemb
_aVaciones laborales
_zAmérica Latina
650 7 _2lemb
_aJornada de trabajo
_zEspaña
650 7 _2lemb
_aVacaciones laborales
_zEspaña
700 1 _aPla Rodríguez, Americo
_eautor
700 1 _aGiglio, Franco José del
_eautor
700 1 _aMontoya Melgar, Alfredo
_eautor
700 1 _aMurgas
_eautor
700 1 _aAlburquerque, Alfonso
_eautor
700 1 _aPasco Cosmópolis, Mario
_eautor
700 1 _aAckerman
_eaut
700 1 _aDe Buen, Nestor
_ecoordinador
942 _2lcc
_cLIB
999 _c135894
_d135894